"Qué hacer con los indios..." Y otros traumas irresueltos de la colonialidad

-д хадгалсан:
Номзүйн дэлгэрэнгүй
Үндсэн зохиолч: Stefanoni, Pablo (autor)
Формат: Ном
Хэл сонгох:англи
Хэвлэсэн: La Paz, Bolivia. Plural editores, 2010
Хэвлэл:Primera edición
Нөхцлүүд:
Шошгууд: Шошго нэмэх
Шошго байхгүй, Энэхүү баримтыг шошголох эхний хүн болох!

MARC

LEADER 00000nam a22000007a 4500
003 CL-VaPUC
005 20220111104918.0
008 211105b2010 ||||| |||| 00| 0 eng d
999 |c 433872  |d 433870 
020 |a 978-99954-1-340-8 
040 |c Pontificia Universidad Católica de Valparaíso 
082 0 4 |2 21  |a 320.84 STE 2010 
100 1 |a Stefanoni, Pablo  |9 520318  |e autor 
245 1 2 |a "Qué hacer con los indios..."  |b Y otros traumas irresueltos de la colonialidad 
250 |a Primera edición 
260 |a La Paz, Bolivia.  |b Plural editores,  |c 2010 
300 |a 175 páginas 
500 |a Donación 05/11/2021 
583 |c 20211105  |k Sebastián Perez 
600 |a Morales, Evo,  |d 1959-  |9 864992 
650 1 |a Indigenismo  |x Relaciones gubernamentales  |9 864989  |z Bolivia 
650 1 |a Colonialismo  |x Relaciones étnicas  |9 864990  |z Bolivia 
650 1 |a Politica y gobierno  |x Multiculturalismo  |x Nacionalismo  |z Bolivia  |9 865004 
942 |2 ddc  |c BK 
952 |0 0  |1 0  |2 ddc  |4 0  |6 320_840000000000000_STE_2010  |7 0  |8 A  |9 579156  |a BIBHIS  |b BIBHIS  |d 2021-11-05  |e Donación  |i 5625254  |o 320.84 STE 2010  |p 5625254  |r 2025-01-20  |t 1  |w 2021-11-05  |y BK  |k HIS